Statistics for Name the Famous People - Picture Quiz

Click here to take the quiz!

General Stats

  • This quiz has been taken 315 times
  • The average score is 9 of 15

Answer Stats

Answer% Correct
John F.Kennedy
96%
Bob Marley
87%
Indira Gandhi
73%
Eva Perón
70%
Muammar Gaddafi
68%
Sigmund Freud
68%
Brigitte Bardot
66%
Idi Amin
64%
Frida Kahlo
58%
Zsa Zsa Gabor
57%
Mata Hari
50%
Pablo Picasso
44%
Greta Garbo
42%
Gamal Abel Nasser
36%
Charlie Chaplin
34%

Score Distribution

Percentile by Number Answered

Percent of People with Each Score

Your Score History

You have not taken this quiz